Statistics for Gibraltar Trivia

Click here to take the quiz!

General Stats

  • This quiz has been taken 191 times
  • The average score is 11 of 16

Answer Stats

HintAnswer% Correct
This country borders and claims ownership of GibraltarSpain
98%
Gibraltar is an overseas territory of this countryUnited Kingdom
97%
Official languageEnglish
96%
Sea in which Gibraltar liesMediterranean sea
93%
Nearest non-bordering countryMorocco
93%
CurrencyGibraltar pound
90%
Peninsula in which Gibraltar liesIberian peninsula
80%
Branch of Christianity to which 72% of the population belongsCatholicism
77%
Operation Felix was a proposed invasion of Gibraltar by this country during WWIIGermany
77%
Famous landmark, also known as Jabel-al-Tariq{Rock} of Gibraltar
75%
Dictator that closed his country's border with Gibraltar in 1969Francisco Franco
69%
Gibraltar is thought to be the last place where these archaic humans livedNeanderthals
49%
Golden object that appears in the coat of armsKey
46%
Caliphate that controlled Gibraltar{Umayyad} Caliphate
31%
Monkey species that live in Gibraltar{Barbary} macaque
29%
Form of Andalusian dialect that is spoken in GibraltarLlanito
16%

Score Distribution

Percentile by Number Answered

Percent of People with Each Score

Your Score History

You have not taken this quiz